00651 2200229 4500001002100000005001700021008004100038020001800079035002400097082001100121090002300132100002600155245006800181250001100249260005100260300003000311650002200341850001600363980001400379985000600393999002200399YOGYA-0209000004533620090227030858.0 ind  a979-424-543-5 0010-020900000045336 a331.25 a331.25bCah KlDEP aCAHYONO, Achmadi Budi aKeselamatan kerja bahan kimia di industricAchmadi Budi Cahyono aCet. 1 aYogyakartabGadjah Mada University Pressc2004 axiv, 145 hlmbilusc21 cm aKeselamatan kerja aYOPDYOG (M) a22-5-2007 a1 aCB-D.11 2004-758h